| 000 | 00417nam a2200193Ia 4500 | ||
|---|---|---|---|
| 005 | 20240823035257.0 | ||
| 008 | 240823s9999||||xx |||||||||||||| ||und|| | ||
| 020 | _a81-85569-67-3 | ||
| 041 | _aENGLISH | ||
| 082 | _A813.54 P5 | ||
| 100 | _aAnil Awachat | ||
| 245 | 0 | _aPeople | |
| 250 | _a1st | ||
| 260 |
_c2005 _bOther India |
||
| 500 | _aYES | ||
| 650 |
_aPeople _bGeneral |
||
| 942 | _cBK | ||
| 999 |
_c200300 _d200300 |
||